|
|
|
|
| LEADER |
00000nab a2200000 a 4500 |
| 001 |
vtls000720591 |
| 003 |
SK-MaSNL |
| 005 |
20260302195103.0 |
| 008 |
160322c2000 xo 0 slo |
| 015 |
|
|
|a SNBRB2000/05-11675
|
| 035 |
|
|
|a CLN000072758
|
| 040 |
|
|
|a SNKBUCL
|b slo
|c SNKBUCL
|e AACR2
|
| 041 |
0 |
|
|a slo
|
| 044 |
|
|
|a xo
|c SK
|
| 080 |
|
|
|a 943.76-051"19"
|2 UDC-MRF-SK2
|
| 080 |
|
|
|a 32-051
|2 UDC-MRF-SK2
|
| 080 |
|
|
|a 929 Klokoč, Ondrej
|2 UDC-MRF-SK2
|
| 100 |
1 |
|
|a Pešek, Jan,
|d 1949-
|4 aut
|9 85425
|
| 245 |
1 |
0 |
|a Vo víre rozpornej doby
|b Slovensko 20. storočia: Ľudia a osudy - Ondrej Klokoč
|c Ján Pešek
|
| 300 |
|
|
|b Fotogr.
|
| 600 |
1 |
7 |
|a Klokoč, Ondrej,
|d 1911-1975
|2 snkbucl
|9 48952
|
| 655 |
|
7 |
|a články z novín a časopisov
|2 snkbucl
|9 267496
|
| 773 |
0 |
|
|x 1335-4051
|t Pravda
|g Roč. 10, č. 83 (8.4.2000)
|
| 773 |
0 |
|
|x 1335-4051
|t [Príl.] Sobota
|g S. 20
|
| 850 |
|
|
|a Slovenská národná knižnica v Martine
|
| 852 |
|
|
|a SNK
|b KIS3GCP
|
| 958 |
|
|
|a SK
|
| 958 |
|
|
|a BX
|
| 958 |
|
|
|a RBX
|
| 999 |
|
|
|c 1451249
|d 1453179
|